| 000 | 01363 a2200277 4500 | ||
|---|---|---|---|
| 003 | Nust | ||
| 005 | 20170207154028.0 | ||
| 010 | _a 2002108513 | ||
| 020 | _a1558608621 | ||
| 035 | _a(DLC) 2002108513 | ||
| 040 | _cNust | ||
| 082 | _a005.2762 | ||
| 100 | 1 | _aSpielman, Sue. | |
| 245 | 1 | 4 |
_aThe Struts framework (E-BOOK) _cSue Spielman. |
| 250 | _a1st ed. | ||
| 260 |
_aBoston : _bMorgan Kaufmann Publishers, _cc2003. |
||
| 300 |
_axiv, 137 p. : _bill. ; _c23 cm. |
||
| 440 | 0 | _aMorgan Kaufmann practical guides series | |
| 505 | _aStruts and Enterprise Web Technologies (Page-1 )Framework Components Overview (Page-11) Struts Development Plan (Page-21) Creating and Building Actions (Page-31) Creating and Building Action Forms (Page-45) Configuring Struts 59 Building Struts-Enabled JSPs (Page-75) Working with the Struts Custom Tag Libraries (Page-79) Internationalizing Your Struts Application (Page105) Configuring, Testing, and Rolling out Your Application (Page-111)Additional Useful Struts Packages and Extensions (Page-121) | ||
| 650 | 0 | _aJava (Computer program language) | |
| 650 | 0 | _aStruts framework. | |
| 650 | 0 | _aWeb site development. | |
| 651 | _aE-BOOK | ||
| 856 | 4 | 2 |
_3Publisher description _uhttp://www.loc.gov/catdir/description/els031/2002108513.html |
| 856 | 4 | 2 |
_3Table of contents _uhttp://www.loc.gov/catdir/toc/els031/2002108513.html |
| 942 |
_2ddc _cBK |
||
| 999 |
_c192004 _d192004 |
||